[Event "VIE-chT"]
[Site "Ho Chi Minh City"]
[Date "2019.10.01"]
[Round "8.40"]
[White "Pham, Thanh Binh"]
[Black "Nguyen, Van Hung"]
[Result "0-1"]
[WhiteElo "1912"]
[BlackElo "1908"]
[PlyCount "87"]
[EventDate "2019.09.26"]
[EventType "team-swiss"]
[EventRounds "9"]
[EventCountry "VIE"]
[SourceTitle "EXT 2020"]
[Source "ChessBase"]
[SourceDate "2019.10.17"]
[SourceVersion "1"]
[SourceVersionDate "2019.10.17"]
[SourceQuality "1"]

1. e4 c5 2. Nc3 Nc6 3. Nf3 d6 4. d4 cxd4 5. Nxd4 g6 6. Nxc6 bxc6 7. Bd2 e6 8. Bd3 Bg7 9. 0-0 Ne7 10. h3 0-0 11. Re1 d5 12. exd5 cxd5 13. Qf3 Qc7 14. Nb5 Qd7 15. Bc3 Bb7 16. Bxg7 Kxg7 17. Nd4 Rac8 18. Qe2 Nc6 19. c3 Nxd4 20. Qe5+ f6 21. Qxd4 a6 22. Qb6 Rc6 23. Qe3 Qd6 24. Rad1 Rf7 25. Bc2 Re7 26. b3 Qc7 27. Rd3 e5 28. Bb1 Rd7 29. c4 dxc4 30. Rxd7+ Qxd7 31. bxc4 Rxc4 32. Bd3 Rc3 33. Rc1 Rxd3 34. Qe2 Rd2 35. Qe3 Rd1+ 36. Rxd1 Qxd1+ 37. Kh2 Qd5 38. f3 Qxa2 39. Kg3 Qd5 40. Qb6 Qd7 41. h4 h5 42. Qb4 Bc6 43. f4 Qg4+ 44. Kf2 0-1